000 01378nam a2200349 a 4500
999 _c1963
_d1963
001 1963
003 BD-JhCC
005 20171026202712.0
008 171026s2007 ctua b 001 0 eng d
020 _a1565492277 (pbk. : alk. paper)
020 _a1565492285 (cloth : alk. paper)
020 _a9781565492271
020 _a9781565492288
035 _a(BD-JhCC)1963
040 _aDLC
_cDLC
_dBAKER
_dC#P
_dBTCTA
_dDLC
_dBD-JhCC
041 _aeng
050 0 0 _aJZ4841
_b.S755 2006
082 0 0 _a327.73
_222
_bSTO 2007
100 1 _aStoddard, Abby,
_d1966-
245 1 0 _aHumanitarian alert :
_bNGO information and its impact on US foreign policy /
_cAbby Stoddard.
260 _aBloomfield, CT :
_bKumarian Press,
_cc2007.
300 _axxiii, 246 p. :
_bill. ;
_c24 cm.
504 _aIncludes bibliographical references (p. 219-231) and index.
505 0 _aAgents, advisors, antagonists -- Ants in the ground, gnats in the ear -- Somalia -- Bosnia -- Kosovo -- Some conclusions from the three cases -- The humanitarian alert in "forgotten emergencies".
650 0 _aNon-governmental organizations.
650 0 _aNon-governmental organizations
_xPolitical aspects.
650 0 _aNon-governmental organizations
_xInternational cooperation.
650 0 _aInternational relief.
651 0 _aUnited States
_xForeign relations
_y1989-
942 _2ddc
_cBK